Class in a capitalist society : a study of contemporary Britain

Αποθηκεύτηκε σε:
Λεπτομέρειες βιβλιογραφικής εγγραφής
Κύριος συγγραφέας: Westergaard, John
Άλλοι συγγραφείς: Resler, Henrietta
Μορφή: Βιβλίο
Γλώσσα:English
Δημοσίευση: Harmondsworth : Penguin, 1975
Θέματα:
Ετικέτες: Προσθήκη ετικέτας
Δεν υπάρχουν, Καταχωρήστε ετικέτα πρώτοι!

MARC

LEADER 00000nam a2200000 i 4500
001 1/27963
008 960221s1975 eng d
020 |a 0140219749 
035 |l 10022954 
040 |a GR-MY-UA  |b gre  |e aacr 
041 0 |a eng 
082 0 |a 305.50941 
100 1 |a Westergaard, John. 
245 1 0 |a Class in a capitalist society : a study of contemporary Britain 
260 |a Harmondsworth :   |b Penguin,   |c 1975 
300 |a 432 p. 
650 0 0 |a Social classes  |z Great Britain. 
650 0 0 |a Equality. 
650 0 0 |a Socialism. 
650 0 0 |a Capitalism. 
700 1 |a Resler, Henrietta. 
852 |a INST  |b CHIOS  |e 19960221  |h 305.50941 WES  |p 005200006263  |q 005200006263  |t BK  |y 0 
909 |a Χ  |b 001456